5HLuxD.jpg

KING HENRY VIII SENIOR AND PRIMARY SCHOOL LIBRARY OPAC

Suck it up / (Record no. 559)

000 -LEADER
fixed length control field 01190cam a2200277 a 4500
001 - CONTROL NUMBER
control field 14951213
005 - DATE AND TIME OF LATEST TRANSACTION
control field 20190821153405.0
008 - FIXED-LENGTH DATA ELEMENTS--GENERAL INFORMATION
fixed length control field 070802s2008 nyu d 000 1 eng
010 ## - LIBRARY OF CONGRESS CONTROL NUMBER
LC control number 2007027995
020 ## - INTERNATIONAL STANDARD BOOK NUMBER
International Standard Book Number 9780440420910
040 ## - CATALOGING SOURCE
Original cataloging agency DLC
Transcribing agency DLC
Modifying agency DLC
042 ## - AUTHENTICATION CODE
Authentication code lcac
082 ## - DEWEY DECIMAL CLASSIFICATION NUMBER
Classification number FIC MEE
100 1# - MAIN ENTRY--PERSONAL NAME
Personal name Meehl, Brian.
245 10 - TITLE STATEMENT
Title Suck it up /
Statement of responsibility, etc. Brian Meehl.
250 ## - EDITION STATEMENT
Edition statement 1st ed.
260 ## - PUBLICATION, DISTRIBUTION, ETC.
Place of publication, distribution, etc. New York :
Name of publisher, distributor, etc. Delacorte Press,
Date of publication, distribution, etc. c2009.
300 ## - PHYSICAL DESCRIPTION
Extent 336 p. ;
Dimensions 21 cm.
520 ## - SUMMARY, ETC.
Summary, etc. After graduating from the International Vampire League, a scrawny, teenaged vampire named Morning is given the chance to fulfill his childhood dream of becoming a superhero when he embarks on a League mission to become the first vampire to reveal his identity to humans and to demonstrate how peacefully-evolved, blood-substitute-drinking vampires can use their powers to help humanity.
650 #1 - SUBJECT ADDED ENTRY--TOPICAL TERM
Topical term or geographic name entry element Vampires
Form subdivision Fiction.
650 #1 - SUBJECT ADDED ENTRY--TOPICAL TERM
Topical term or geographic name entry element Heroes
Form subdivision Fiction.
650 #1 - SUBJECT ADDED ENTRY--TOPICAL TERM
Topical term or geographic name entry element Identity
Form subdivision Fiction.
906 ## - LOCAL DATA ELEMENT F, LDF (RLIN)
a 7
b cbc
c orignew
d 1
e ecip
f 20
g y-gencatlg
942 ## - ADDED ENTRY ELEMENTS (KOHA)
Source of classification or shelving scheme
Koha item type Books - Fiction
Holdings
Withdrawn status Lost status Source of classification or shelving scheme Damaged status Not for loan Collection code Permanent Location Current Location Shelving location Date acquired Total Checkouts Full call number Barcode Date last seen Date last checked out Price effective from Koha item type
          Fiction KH8 Senior School Library KH8 Senior School Library Fiction 2019-08-21 5 FIC MEE 3KHSL000101205 2025-02-06 2025-01-23 2019-08-21 Books - Fiction

Powered By KH8 IT Dept